| 000 | 01011nam a22002778a 4500 | ||
|---|---|---|---|
| 001 | 1474998 | ||
| 003 | CO-ViMGA | ||
| 005 | 20230915233612.0 | ||
| 008 | 151112s2015 ck a gr 0001f spa d | ||
| 020 | _a9789583047749 | ||
| 040 |
_aCO-ViMGA _bspa _cCO-ViMGA |
||
| 041 | 0 | _heng | |
| 082 | 0 | 4 |
_aI567.91 _bB51d _221 |
| 100 | 1 |
_aBlackwell, Archie. _9735 |
|
| 245 | 1 | 0 |
_aDinomundo : _bencuentros increb̕les en el mundo perdido de los dinosaurios / _cArchie Blackwell ; traductora Diana Lp̤ez de Mesa Oses. |
| 250 | _aEditor Javier R. Mahecha Lp̤ez. | ||
| 260 |
_aBogot :̀ _bPanamericana Editorial, _c2015. |
||
| 300 |
_a[80] páginas : _bilustraciones, fotografa̕s ; _c30 cm. |
||
| 534 |
_pTítulo original : _tDinoworld. |
||
| 650 | 1 | 4 |
_aDinosaurios _x Clasificación. _9738 |
| 650 | 1 | 4 |
_aDinosaurios _x Hábitos y conducta. _9736 |
| 650 | 1 | 4 |
_aPrehistoria. _9737 |
| 700 | 1 |
_aLop̤ez de Mesa O., Diana, _etraductora. _9149 |
|
| 700 | 1 |
_aMahecha Lp̤ez, Javier R, _eeditor. _9249 |
|
| 942 |
_2ddc _cBK |
||
| 999 |
_c37284 _d37284 |
||